El tributo indígena en el Perú: siglos XVI y XVII

Guardat en:
Dades bibliogràfiques
Autor principal: Escobedo Mansilla, Ronald (Autor)
Format: Llibre
Idioma:espanyol
Publicat: Pamplona Universidad de Navarra 1979
Matèries:
Etiquetes: Afegir etiqueta
Sense etiquetes, Sigues el primer a etiquetar aquest registre!

MARC

LEADER 00000nam a2200000 a 4500
001 UCR0540
003 CL-VaPUC
008 971205e19790000SP |||||||||||||||||spa|d
082 0 4 |a 343.043  |b ESC  |2 21 
100 0 |a Escobedo Mansilla, Ronald  |e author  |9 396336 
245 1 3 |a El tributo indígena en el Perú: siglos XVI y XVII 
300 |a 354 p 
942 |c BK 
945 |d 19971205 00:00:00  |a cmena 
260 |a Pamplona  |b Universidad de Navarra  |c 1979 
650 0 |a Derecho mercantil  |9 371888 
650 0 |a Impuestos  |9 255450 
650 0 |a Derecho tributario  |9 258895 
650 0 |a Hacienda pública  |9 258673 
650 0 |a Obligaciones tributarias  |9 383518 
650 7 |a POLITICA TRIBUTARIA  |2 CL-VaPUC  |9 383580 
650 7 |a EVASION TRIBUTARIA  |2 CL-VaPUC  |9 396337 
650 0 |a Derecho Indiano  |9 256266 
650 0 |a Administración pública   |9 255343 
650 7 |a TASACION TRIBUTARIA  |2 CL-VaPUC  |9 396338 
650 7 |a HISTORIA PERUANA SIGLOS 16 - 17  |2 CL-VaPUC  |9 396339 
651 0 |a Perú  |9 256567 
583 |a last modification  |c 19971205 00:00:00  |k Rodrigo Vera 
999 |c 264042  |d 264040 
952 |0 0  |1 0  |4 0  |6 343_043000000000000_ESC_1979  |7 0  |8 DER_HDC  |9 293624  |a BIBDER  |b BIBDER  |d 2019-11-19  |i 1908553  |o 343.043 ESC 1979  |p 1908553  |r 2023-01-25  |w 2019-11-19  |x Ubicación 4to Piso  |y BK  |z Estos recursos deben solicitarse con anticipación  |k DER 
952 |0 0  |1 0  |4 0  |6 343_043000000000000_ESC_1979  |7 0  |8 A  |9 293625  |a BIBHIS  |b BIBHIS  |d 2019-11-19  |i 1256920  |o 343.043 ESC 1979  |p 1256920  |r 2025-01-20  |w 2019-11-19  |y BK  |k HIS